Aufgaben der Translatologie im digitalen Zeitalter

Predstavenie pilotného projektu zavedeného v Nitrianskom múzeu týkajúceho sa viacjazyčného audio-sprievodcu pre smartfóny. Poukázanie na špecifické znaky, ktoré sú spojené s technicky relevantným vývojom aplikácií a s výzvami z hľadiska jazykového audio-obsahu aplikácie.

Guardado en:
Detalles Bibliográficos
Autor principal: Štefčík, Jozef, 1976-
Formato: Capítulo de libro
Lenguaje:alemán
Materias:
Etiquetas: Agregar Etiqueta
Sin Etiquetas, Sea el primero en etiquetar este registro!

MARC

LEADER 00000naa$a2200000$$$4500
001 0247810
005 20240502083702.1
041 0 |a ger 
044 |a HR 
245 1 0 |a Aufgaben der Translatologie im digitalen Zeitalter  |c Jozef Štefčík 
520 |a Predstavenie pilotného projektu zavedeného v Nitrianskom múzeu týkajúceho sa viacjazyčného audio-sprievodcu pre smartfóny. Poukázanie na špecifické znaky, ktoré sú spojené s technicky relevantným vývojom aplikácií a s výzvami z hľadiska jazykového audio-obsahu aplikácie. 
610 2 0 |a jazykoveda 
610 2 0 |a preklady 
610 2 0 |a prekladateľstvo 
610 2 0 |a technológie nové 
610 2 0 |a digitalizácia 
610 2 0 |a projekty 
100 1 |a Štefčík, Jozef, 1976-